| 000 | 00441nam a2200181Ia 4500 | ||
|---|---|---|---|
| 005 | 20240823062723.0 | ||
| 008 | 240823s9999||||xx |||||||||||||| ||und|| | ||
| 041 | _aENGLISH | ||
| 082 | _A004.6 N5 | ||
| 100 | _aKosala Blair J | ||
| 245 | 0 | _aNeural Networks and Fuzzy Systems | |
| 250 | _a1st | ||
| 260 |
_c1995 _b"P.H.I.,New Delhi" |
||
| 500 | _aTRANSFERED | ||
| 650 |
_aNeural _bSoftware Engineering |
||
| 942 | _cBK | ||
| 999 |
_c236552 _d236552 |
||